Từ điển tế bào học mô học phôi học Nga - Việt
Sách là quyển từ điển giới thiệu về từ và nghĩa chuyên ngành sinh học.
Đã lưu trong:
| 主要作者: | |
|---|---|
| 格式: | 图书 |
| 语言: | Undetermined |
| 出版: |
Hà Nội
Y học
1986
|
| 主题: | |
| 标签: |
添加标签
没有标签, 成为第一个标记此记录!
|
| Thư viện lưu trữ: | Trung tâm Học liệu Trường Đại học Cần Thơ |
|---|
| LEADER | 00696nam a2200193Ia 4500 | ||
|---|---|---|---|
| 001 | CTU_149188 | ||
| 008 | 210402s9999 xx 000 0 und d | ||
| 082 | |a 570.3 | ||
| 082 | |b Đ16 | ||
| 100 | |a Phạm, Phan Địch | ||
| 245 | 0 | |a Từ điển tế bào học mô học phôi học Nga - Việt | |
| 245 | 0 | |c Phạm Phan Địch, Trương Đình Kiệt, Nguyễn Văn Ngọc | |
| 260 | |a Hà Nội | ||
| 260 | |b Y học | ||
| 260 | |c 1986 | ||
| 520 | |a Sách là quyển từ điển giới thiệu về từ và nghĩa chuyên ngành sinh học. | ||
| 650 | |a Biology | ||
| 904 | |i Giang | ||
| 980 | |a Trung tâm Học liệu Trường Đại học Cần Thơ | ||